000 00670cam a2200229 a 4500
001 000005111
005 20200929151601.0
008 770516s1968 ve 000 p spa d
035 _a(DLC) 76242749
040 _aDO-SdBNP
_bspa
_cDLC
_dDLC
_dBNPHU
082 _aV861.44
_bG361p
100 1 _aGerbasi, Vicente,
_d1913-1992.
_914652
245 1 0 _aPoesía de viajes /
_cVicente Gerbasi.
260 _aCaracas :
_bMonte Ávila,
_c1968.
300 _a164 p. ;
_c20 cm.
490 1 _aAltazor
650 4 _aPoesía venezolana
_94230
650 4 _aLiteratura venezolana
_ySIGLO XX
_99777
830 0 _aAltazor.
_98724
910 _aCatalogación por copia / LC
049 _aBNGR
999 _c4914
_d4914